zpět

Detail výsledku týmu

Bar 12 opic, Prostějov

Datum a čas kvízu

32 Celkem bodů Celkový počet nahraných bodů na tomto kvízu bez doplňovacích otázek.
2. Pořadí na kvízu Konečné umístění týmu na tomto kvízu.

Zaznamenané odpovědi

# Otázka Odpověď Body Výsledky
1. Minulou neděli dopoledne dosed... 1
2. Rusko slavnostně otevřelo most... 1
3. Ve zlínském obchodním a zábavn... 0
4. Po deseti letech končí udílení... 1
5. Velkou jarní cenu ovládl v ned... 1
6. Dědictví aneb Kurvahošigutntag... 1
7. V Brně na ulici Česká se natáč... 0
8. Kterou značku cigaret má Bohuš... 1
9. Kterou polévku si objednal prá... 1
10. Pták, kterého Bohuš koupil Ire... 1